000 00992nam a2200241Ia 4500
003 Ost
005 20260507074859.0
008 260507s9999||||xx |||||||||||||| ||und||
020 _a9953462712
040 _cfsecg
041 _aara
082 _a338.74
100 _aالجبران، صادق محمد محمد
_eمؤلف
245 0 _a مجلس إدارة الشركة المساهمة في القانون السعودي :
_bدراسة مقارنة /
_c صادق محمد محمد الجبران
260 _aبيروت:
_bمنشورات الحلبي الحقوقية,
_c2006
300 _a572 صفحة؛
_bإيضاحات ؛
_c25 سم
504 _aببليوغرافيا: ص.559 الملاحق ص.419
520 _aيضم تكوين مجلس وشروط عضويته، سلطات وواجبات مجلس الإدارة ورئيسيه
653 _aالسعودية- الشركات
653 _aالشركات
653 _aالشركات المساهمة
942 _cكتاب
999 _c41642
_d41642